Normal view
MARC view
- Mohamed Hatta Hj. Shaharom,
Entry Personal Name
001 - CONTROL NUMBER
- control field: 4322
003 - CONTROL NUMBER IDENTIFIER
- control field: OSt
005 - DATE AND TIME OF LATEST TRANSACTION
- control field: 20170515112758.0
008 - FIXED-LENGTH DATA ELEMENTS
- fixed length control field: 170515|| aca||aabn | a|a d
040 ## - CATALOGING SOURCE
- Original cataloging agency: OSt
- Transcribing agency: OSt
100 ## - HEADING--PERSONAL NAME
- Personal name: Mohamed Hatta Hj. Shaharom,
- Dates associated with a name: 1952-
670 ## - SOURCE DATA FOUND
- Source citation: Work cat.: (OSt)0: Mohamed Hatta Hj. Shaharom, 1952-, Memupuk semangat sanggup berkorban /, 2003

PORTAL AKMAL
E-MEL JKDM
AKMAL2U
G-BAM
u-PUSTAKA